<?xml version="1.0" encoding="UTF-8"?>
<record
    xmlns:xsi="http://www.w3.org/2001/XMLSchema-instance"
    xsi:schemaLocation="http://www.loc.gov/MARC21/slim http://www.loc.gov/standards/marcxml/schema/MARC21slim.xsd"
    xmlns="http://www.loc.gov/MARC21/slim">

  <leader>00558nam a22001937a 4500</leader>
  <controlfield tag="003">NUST</controlfield>
  <controlfield tag="005">20230126155429.0</controlfield>
  <controlfield tag="008">190703b           ||||| |||| 00| 0 eng d</controlfield>
  <datafield tag="038" ind1=" " ind2=" ">
    <subfield code="a">Mr. Zahoor</subfield>
  </datafield>
  <datafield tag="082" ind1=" " ind2=" ">
    <subfield code="a">150.1</subfield>
  </datafield>
  <datafield tag="100" ind1=" " ind2=" ">
    <subfield code="a">Medhet, Sara</subfield>
    <subfield code="9">16501</subfield>
  </datafield>
  <datafield tag="245" ind1=" " ind2=" ">
    <subfield code="a">Dynamics of Coherent State Wave Packets in Gravitational Cavity </subfield>
    <subfield code="c">Sara, Medhet</subfield>
  </datafield>
  <datafield tag="260" ind1=" " ind2=" ">
    <subfield code="a">Islambad :</subfield>
    <subfield code="b">SNS - NUST,</subfield>
    <subfield code="c">2014.</subfield>
  </datafield>
  <datafield tag="300" ind1=" " ind2=" ">
    <subfield code="a">vi, 59 p. : ill. ;</subfield>
    <subfield code="c">30cm.</subfield>
  </datafield>
  <datafield tag="500" ind1=" " ind2=" ">
    <subfield code="a">Hardcover.</subfield>
  </datafield>
  <datafield tag="650" ind1=" " ind2=" ">
    <subfield code="a">Physics - M. Phil</subfield>
    <subfield code="9">16502</subfield>
  </datafield>
  <datafield tag="700" ind1=" " ind2=" ">
    <subfield code="a">Dr. Shahid Iqbal</subfield>
    <subfield code="9">16468</subfield>
  </datafield>
  <datafield tag="942" ind1=" " ind2=" ">
    <subfield code="2">ddc</subfield>
    <subfield code="c">THE</subfield>
  </datafield>
  <datafield tag="999" ind1=" " ind2=" ">
    <subfield code="c">525589</subfield>
    <subfield code="d">525589</subfield>
  </datafield>
  <datafield tag="952" ind1=" " ind2=" ">
    <subfield code="0">0</subfield>
    <subfield code="1">0</subfield>
    <subfield code="2">ddc</subfield>
    <subfield code="4">0</subfield>
    <subfield code="7">0</subfield>
    <subfield code="a">CL</subfield>
    <subfield code="b">CL</subfield>
    <subfield code="d">2019-07-03</subfield>
    <subfield code="l">0</subfield>
    <subfield code="o">150.1</subfield>
    <subfield code="p">CL-T-2065</subfield>
    <subfield code="r">2019-07-03</subfield>
    <subfield code="w">2019-07-03</subfield>
    <subfield code="y">THE</subfield>
  </datafield>
  <datafield tag="952" ind1=" " ind2=" ">
    <subfield code="0">0</subfield>
    <subfield code="1">0</subfield>
    <subfield code="2">ddc</subfield>
    <subfield code="4">0</subfield>
    <subfield code="7">0</subfield>
    <subfield code="a">CL</subfield>
    <subfield code="b">CL</subfield>
    <subfield code="c">THE</subfield>
    <subfield code="d">2019-09-11</subfield>
    <subfield code="l">0</subfield>
    <subfield code="o">530</subfield>
    <subfield code="p">CL-T-2279</subfield>
    <subfield code="r">2019-09-11</subfield>
    <subfield code="w">2019-09-11</subfield>
    <subfield code="y">THE</subfield>
  </datafield>
</record>
